| 000 | 00379nam a2200169Ia 4500 | ||
|---|---|---|---|
| 003 | 0100 | ||
| 008 | 130303s9999 xx 000 0 und d | ||
| 040 | _cARRUPELIB | ||
| 050 | _aHQ76.W381972 | ||
| 100 | _aWeinberg, George | ||
| 245 | _aSociety and the Healthy Homosexual | ||
| 260 | _aNY | ||
| 260 | _bDoubleday Anchor PR | ||
| 260 | _C1972 | ||
| 300 | _a148p | ||
| 942 | 0 | 0 | _01 |
| 999 |
_c32144 _d32144 |
||